Ramanujan's Papers (Record no. 83625)

MARC details
000 -LEADER
fixed length control field 00546nam a2200181 4500
020 ## - INTERNATIONAL STANDARD BOOK NUMBER
International Standard Book Number 817286180X
082 ## - DEWEY DECIMAL CLASSIFICATION NUMBER
Classification number 510.924
Item number RAM
100 ## - MAIN ENTRY--PERSONAL NAME
Personal name Venkatachalla, B.J.
245 ## - TITLE STATEMENT
Title Ramanujan's Papers
Statement of responsibility, etc. edited by Ramanujan Srinivasa , V. Vinay and C .S. Yogananda
260 ## - PUBLICATION, DISTRIBUTION, ETC.
Place of publication, distribution, etc. Bangalore
Name of publisher, distributor, etc. Prism Books
Date of publication, distribution, etc. c2000
300 ## - PHYSICAL DESCRIPTION
Extent [8], 391p. 28cm.
650 ## - SUBJECT ADDED ENTRY--TOPICAL TERM
Topical term or geographic name entry element Ramanujan, Srinivasa-Biography
650 ## - SUBJECT ADDED ENTRY--TOPICAL TERM
Topical term or geographic name entry element Mathematicians-Biography
650 ## - SUBJECT ADDED ENTRY--TOPICAL TERM
Topical term or geographic name entry element Numbers, theory of
650 ## - SUBJECT ADDED ENTRY--TOPICAL TERM
Topical term or geographic name entry element Algebraic number theory
710 ## - ADDED ENTRY--CORPORATE NAME
Corporate name or jurisdiction name as entry element Vinay, V.
710 ## - ADDED ENTRY--CORPORATE NAME
Corporate name or jurisdiction name as entry element Yogananda, C. S.
Holdings
Withdrawn status Lost status Damaged status Not for loan Collection code Home library Current library Date acquired Total Checkouts Full call number Barcode Date last seen Price effective from Koha item type
        Gifts North Eastern Hill University North Eastern Hill University 25/11/2011   510.924 RAM G624 25/11/2011 25/11/2011 Books